000 00703nam a2200193 i 4500
001 73510
003 ES-MaACL
005 20231218202341.0
007 t|
008 040908s1957 sp ||||1| spa d
100 1 _aGómez Molleda, María Dolores,
_d1922-2017
_958053
245 1 0 _aViejo y nuevo estilo político en la Corte de Fernando VI /
_cMaría Dolores Gómez Molleda.
260 _aMadrid :
_b[s.n.],
_c1957 (
_fNuevas Gráficas)
300 _a76 p. ;
_c24 cm.
500 _aEs separata de: Cuadernos de la Institución Teresiana, Nº 6, 1957.
651 4 _aEspaña-
_xHistoria-
_y1746-1759, Fernando VI.
_9169106
852 _aES-MaACL
_j1984-F-12
_bR.41281
999 _c73510
_d73510